Statistics for Island Countries with Over 1 Million People

Click here to take the quiz!

General Stats

  • This quiz has been taken 45 times
  • The average score is 18 of 20

Answer Stats

PopulationAnswer% Correct
11,245,629Cuba
98%
267,670,543Indonesia
98%
2,847,232Jamaica
98%
11,439,646Haiti
95%
4,588,252Ireland
95%
125,170,000Japan
95%
4,942,500New Zealand
95%
109,248,069Philippines
95%
67,886,004United Kingdom
95%
10,403,761Dominican Republic
93%
26,251,309Madagascar
93%
23,568,378Taiwan
91%
21,803,000Sri Lanka
88%
1,141,166Cyprus
86%
8,935,000Papua New Guinea
84%
1,366,725Trinidad and Tobago
84%
5,703,600Singapore
81%
1,316,500Bahrain
79%
1,212,107East Timor
70%
1,244,633Mauritius
67%

Score Distribution

Percentile by Number Answered

Percent of People with Each Score

Your Score History

You have not taken this quiz